000 00398nam a22001457a 4500
005 20200614150426.0
008 200614b xxu||||| |||| 00| 0 eng d
082 _a345.4 AIR
110 _aALL INDIA REPORTER
_96122
245 _aALL INDIA REPORTER [1970] [VOL-57] PUNJAB AND HARYANA
260 _aMUMBAI
_bALL INDIA REPORTER , PVT. LTD.
300 _a64;p
650 _aLAW
_95701
942 _cJRL
999 _c7172
_d7170